Score 0/160 Timer 18:00
0 Plays Today
Season/Doctor Episode Name % Correct
Season OneThe Daleks
93.4%
Season OneAn Unearthly Child
91.3%
Season OneThe Aztecs
82.7%
Season OneMarco Polo
82.3%
Season ThreeThe Ark
82.3%
Season TwoThe Dalek Invasion of Earth
81.6%
Season SixThe Invasion
81.6%
Season 12Robot
81.6%
Season FourThe Tenth Planet
81.1%
Season SixThe War Games
81.1%
Television MovieDoctor Who
80.8%
Season ThreeThe Dalek's Master Plan
80.2%
Season TenThe Three Doctors
80%
Season FiveThe Tomb of the Cybermen
79.9%
Season 12Genesis of the Daleks
79.9%
Season SevenSpearhead from Space
79.3%
Season SevenDoctor Who and the Silurians
79.3%
Season TwoThe Romans
78.7%
Season OneThe Edge of Destruction
78.6%
Season EightTerror of the Autons
78.4%
Season 20The Five Doctors
78.4%
Season 11Planet of the Spiders
77.9%
Season 12The Ark In Space
77.6%
Season TwoThe Chase
77.3%
Season FourThe Power of the Daleks
77.3%
Season 18Logopolis
76.4%
Season FourThe Evil of the Daleks
75.7%
Season 19Castrovalva
75.4%
Season TwoPlanet of Giants
75.3%
Season SevenInferno
75.2%
Season TenThe Green Death
74.9%
Season 25Remembrance of the Daleks
74.6%
Season 22The Two Doctors
74.4%
Season 24Time and the Rani
74.4%
Season 21The Caves of Androzani
74.3%
Season 26Survival
74.1%
Season 14The Talons of Weng-Chiang
74%
Season OneThe Keys of Marinus
73.8%
Season 12Revenge of the Cybermen
73.8%
Season 19Earthshock
73.8%
Season 12The Sontaran Experiment
73.7%
Season 11Death to the Daleks
73.5%
Season 11The Time Warrior
73.5%
Season OneThe Reign of Terror
73.4%
Season TwoThe Web Planet
73.1%
Season TwoThe Time Meddler
72.6%
Season TwoThe Rescue
72.3%
Season NineDay of the Daleks
72.2%
Season OneThe Sensorites
72.1%
Season FiveThe Ice Warriors
72.1%
Season FourThe Highlanders
72%
Season 14The Hand of Fear
72%
Season TenPlanet of the Daleks
71.9%
Season FiveThe Web of Fear
71.7%
Season/Doctor Episode Name % Correct
Season FiveThe Wheel in Space
71.5%
Season NineThe Sea Devils
71.5%
Season EightThe Daemons
71.4%
Season 21Resurrection of the Daleks
71.1%
Season ThreeThe Celestial Toymaker
70.8%
Season 13Terror of the Zygons
70.8%
Season 17Destiny of the Daleks
70.6%
Season 17Shada
70.4%
Season 26The Curse of Fenric
70.2%
Season ThreeThe War Machines
70.2%
Season NineThe Curse of Peladon
70.1%
Season 19Kinda
70.1%
Season SixThe Krotons
69.8%
Season SixThe Seeds of Death
69.8%
Season TwoThe Space Museum
69.7%
Season ThreeGalaxy 4
69.6%
Season 13Pyramids of Mars
69.6%
Season 14The Deadly Assassin
69.6%
Season 18The Keeper of Traken
69.4%
Season 11The Monster of Peladon
69.3%
Season 16The Pirate Planet
69.3%
Season FourThe Moonbase
69.1%
Season 13The Seeds of Doom
69%
Season FourThe Smugglers
68.9%
Season FiveThe Abominable Snowmen
68.9%
Season 17City of Death
68.9%
Season 14Robots of Death
68.8%
Season ThreeThe Gunfighters
68.7%
Season 11Invasion of the Dinosaurs
68.6%
Season 19Black Orchid
68.6%
Season SevenThe Ambassadors of Death
68.5%
Season 20Snakedance
68.5%
Season 22Revelation of the Daleks
68.5%
Season ThreeMission To the Unknown
68.4%
Season ThreeThe Massacre
68.4%
Season 15Horror of Fang Rock
68.4%
Season 26Ghost Light
68.2%
Season 25Silver Nemesis
68%
Season SixThe Mind Robber
67.9%
Season 22The Mark of the Rani
67.7%
Season 22Attack of the Cybermen
67.6%
Season 21The Twin Dilemma
67.3%
Season 14The Face of Evil
67.2%
Season FourThe Macra Terror
66.9%
Season 15The Invasion of Time
66.7%
Season SixThe Dominators
66.7%
Season 16The Androids of Tara
66.7%
Season 19Time-Flight
66.5%
Season 16The Ribos Operation
66.4%
Season TwoThe Crusade
66.3%
Season 25The Greatest Show in the Galaxy
66.3%
Season FourThe Underwater Menace
66.1%
Season EightThe Mind of Evil
65.7%
Season 16The Stones of Blood
65.6%
Season/Doctor Episode Name % Correct
Season 26Battlefield
65.6%
Season 25The Happiness Patrol
65.5%
Season 18Warriors' Gate
65.4%
Season 13The Brain of Morbius
65.3%
Season SixThe Space Pirates
65.2%
Season 21Planet of Fire
65.1%
Season 18The Leisure Hive
65%
Season TenCarnival of Monsters
64.6%
Season 13Planet of Evil
64.6%
Season 24Delta and the Bannermen
64.5%
Season 23The Trial of a Timelord: Terror of the Vervoids
64.4%
Season 24Paradise Towers
64.4%
Season 20Arc of Infinity
64.3%
Season FiveThe Enemy of the World
64.1%
Season EightThe Claws of Axos
64%
Season ThreeThe Myth Makers
63.9%
Season 16The Armageddon Factor
63.9%
Season 16The Power of Kroll
63.8%
Season 24Dragonfire
63.7%
Season ThreeThe Savages
63.6%
Season FiveFury From the Deep
63.6%
Season 19Four to Doomsday
63.5%
Season FourThe Faceless Ones
63.4%
Season 22Timelash
63.4%
Season 20Enlightenment
63.2%
Season 23The Trial of a Timelord: The Ultimate Foe
63%
Season 13The Android Invasion
62.9%
Season 20Mawdryn Undead
62.9%
Season NineThe Time Monster
62.6%
Season TenFrontier In Space
62.6%
Season 20Terminus
62.4%
Season 23The Trial of a Timelord: Mindwarp
62.1%
Season 18Full Circle
62%
Season 14The Masque of Mandragora
61.7%
Season 22Vengeance on Varos
61.7%
Season 20The King's Demons
61.6%
Season 15The Sun Makers
61.5%
Season 18Meglos
61.5%
Season 18State of Decay
61%
Season 17The Horns of Nimon
60.8%
Season EightColony in Space
60.3%
Season 23The Trial of a Timelord: The Mysterious Planet
59.5%
Season 15The Invisible Enemy
58.9%
Season 15Underworld
58.8%
Season 15Image of the Fendahl
58.1%
Season 21Warriors of the Deep
58.1%
Season 19The Visitation
57.8%
Season 17The Creature from the Pit
56.7%
Season 21Frontios
56.7%
Season NineThe Mutants
56.4%
Season 17Nightmare of Eden
54%
Season 21The Awakening
53.8%
Remove Ads.
Support Sporcle.
Get the best of Sporcle when you Go Orange. This ad-free experience offers more features, more stats, and more fun while also helping to support Sporcle. Thank you for becoming a member.

You're not logged in!

Compare scores with friends on all Sporcle quizzes.
OR
Log In

Show Comments

Extras

Top Quizzes Today


Score Distribution

Your Account Isn't Verified!

In order to create a playlist on Sporcle, you need to verify the email address you used during registration. Go to your Sporcle Settings to finish the process.

Report this User

Report this user for behavior that violates our Community Guidelines.

Details: